Word Ladder #5 - Statistics

General Stats
  • This quiz has been taken 93 times
  • The average score is 18 of 20
Answer Stats
Hint Word % Correct
Without Hair BALD
96%
Thick Font BOLD
95%
Season FALL
94%
Frozen Rain HAIL
94%
Corridor HALL
94%
Place to Shop MALL
94%
Succeed, opposite FAIL
92%
Dairy MILK
91%
5280 Feet or 1609 Meters MILE
90%
Story TALE
90%
High TALL
90%
Wags TAIL
89%
Avian BIRD
87%
Covalent or Ionic, for instance BOND
87%
XY MALE
87%
Bundle of Hay BALE
86%
Cry WAIL
86%
Sight-Impaired Rodent MOLE
85%
Leafy Green KALE
84%
Wrap BIND
78%
No matching quizzes found
Score Distribution
Percent of People with Each Score
Percentile by Number Answered
Your Score History
You have not taken this quiz